La objetividad en Ciencias sociales: Un enfoque de epistemología antropológica

Gespeichert in:
Bibliographische Detailangaben
1. Verfasser: Dei, H. Daniel
Format: Buch
Sprache:Undetermined
Veröffentlicht: Buenos Aires, Argentina Marymar 1987
Schlagworte:
Tags: Tag hinzufügen
Keine Tags, Fügen Sie den ersten Tag hinzu!

MARC

LEADER 00000nam a2200000Ia 4500
008 170316s9999 xx 000 0 und d
090 |a 100 D-8.1o 
100 |a Dei, H. Daniel 
245 |a La objetividad en Ciencias sociales: Un enfoque de epistemología antropológica 
260 |a Buenos Aires, Argentina 
260 |b Marymar 
260 |c 1987 
300 |a 90 páginas 
650 |a FILOSOFÍA 
999 |c 16084  |d 16084 
040 |a cru BVZT 
942 |c 15 D  |h 100 D-8.1o  |2 z